000 01495nam a22002777a 4500
003 AR-RoUNA
005 20260623125133.0
008 260623b |||||||| |||| 00| 0 spa d
040 _aAR-RoUNA
_bspa
_dAR-RoUNA
041 _aspa
_hspa
044 _aag
110 _aCAPFC - USAID
_927793
245 1 0 _aPrograma de adiestramiento para los técnicos latinoamericanos en :
_bCAPFCE - USAID. construcciones escolares /
_cCAPFCE - USAID
260 _aMéxico, D.F :
_bCAPFCE,
_c1964
300 _as.p.:
_bfot. byn.
_c17x30 cm
520 3 _a El Comité Administrador del Programa Federal de Construcción de Escuelas, fue creado en 1944 por el entonces presidente de la República Manuel Ávila Camacho como parte de un gran programa de obras públicas para dar respuesta a la creciente demanda de planteles educativos que había en el país aquella época. La creación de este organismo requirió de los servicios coordinados de arquitectos, médicos, “higienistas”, economistas, pedagogos y “financieros” quienes trabajaron de manera conjunta y aportaron sus conocimientos para formular un planteamiento veraz del problema y buscarle al mismo tiempo, una solución adecuada.
650 4 _aProgramas
_xAdministración
650 4 _aProyectos
650 4 _aObras públicas
650 4 _aConstrucción escolares
908 _aImp
930 _e12355
942 _2ddc
_cLIB
945 _aMIA
_d2026-06-23
980 _61
_aMaricel Allasia
_81
_gMaricel Allasia
999 _c12493
_d12493